| 000 | 00439nam a22001577a 4500 | ||
|---|---|---|---|
| 003 | CEME | ||
| 005 | 20210628205118.0 | ||
| 008 | 210225b xxu||||| |||| 00| 0 eng d | ||
| 040 | _c. | ||
| 082 | _a621.3845 WIR'R | ||
| 100 |
_aWoerner, B. D,Reed, Jeffrey H,Rappaport, T. S _973964 |
||
| 245 | _aWireless personal communications advances in coverage and capacity | ||
| 260 |
_aBOSTON _bKLUWER _c1997 |
||
| 300 | _a223P | ||
| 942 |
_cBK _2ddc |
||
| 999 |
_c579568 _d579568 |
||